Capitales de provincia de España - Estadísticas

Estadísticas generales
  • Esta prueba ha sido intentada 359 veces
  • La puntuación promedio es 45 de 50
Estadísticas de respuestas
Comunidad autónoma Capital % Correcto
Andalucía Sevilla
99%
Cataluña Barcelona
98%
Comunidad de Madrid Madrid
97%
Andalucía Málaga
97%
Comunidad Valenciana Valencia
97%
Aragón Zaragoza
96%
Andalucía Granada
95%
Canarias Las Palmas de Gran Canaria
95%
Región de Murcia Murcia
95%
Canarias Santa Cruz de Tenerife
94%
Andalucía Cádiz
93%
Andalucía Huelva
93%
Comunidad Valenciana Alicante
92%
Andalucía Almería
92%
Andalucía Córdoba
92%
Aragón Teruel
92%
Castilla-La Mancha Toledo
92%
Extremadura Badajoz
91%
Andalucía Jaén
91%
Islas Baleares Palma de Mallorca
91%
Cataluña Tarragona
91%
Aragón Huesca
90%
Castilla-La Mancha Albacete
89%
Extremadura Cáceres
89%
Cataluña Gerona
89%
Principado de Asturias Oviedo
89%
Navarra Pamplona
89%
Castilla y León Salamanca
89%
Cantabria Santander
89%
Comunidad Valenciana Castellón de la Plana
88%
Galicia La Coruña
88%
Castilla y León León
88%
Galicia Lugo
88%
Galicia Pontevedra
88%
País Vasco Bilbao
87%
Castilla y León Burgos
87%
Castilla y León Valladolid
87%
Castilla-La Mancha Ciudad Real
86%
Cataluña Lérida
86%
Castilla y León Zamora
86%
Castilla y León Ávila
85%
Castilla y León Segovia
85%
Castilla y León Palencia
84%
Castilla y León Soria
84%
Castilla-La Mancha Cuenca
83%
Castilla-La Mancha Guadalajara
82%
La Rioja Logroño
82%
País Vasco San Sebastián
81%
País Vasco Vitoria
81%
Galicia Orense
75%
No se encontraron pruebas coincidentes
Distribución de puntuación
Porcentaje de gente con cada puntuación
Porcentaje por número respondido
Historial de tus puntuaciones
No has intentado esta prueba.